000 00204 a2200097 4500
001 58110
100 _a
245 _aCurriculum organisation
260 _aNew Dehli
_bD P H
_c2007
090 _c35619
_d35619
942 _aNUST-CAE
_cM
_c28468
999 _c293183
_d293183